000 00593nam a2200229Ia 4500
003 OSt
005 20221007075154.0
006 a|||||r|||| 00| 0
007 ta
008 221006b |||||||| |||| 00| 0 eng d
024 _a11,027
037 _cTextual
040 _aFLL
_cFLL
_beng
041 _2eng
_aeng
082 _azGoaZ, M3
100 _aHegde V.S. Au.
_9693597
245 0 _aGandhi's philosophy of law
260 _aNew Delhi
_bConcept pub. India
_c1983
300 _a127p
_ccm.
942 _hzGoaZ, M3
_cTEXL
_2CC
999 _c1155073
_d1155073